| 000 | 00352nam a2200133 i 4500 | ||
|---|---|---|---|
| 001 | bg | ||
| 245 | 0 |
_aZbiór zadań z podstawowych procesów inżynierii chemicznej. _nCz. 1, _pPrzenoszenie pędu. |
|
| 250 | _aWyd. 2 popr. | ||
| 260 |
_aWrocław, _c1979. |
||
| 040 | _cBPK | ||
| 041 | _apol | ||
| 942 | _cKS | ||
| 008 | s pl f |000 0 pol | ||
| 999 |
_c19948 _d19948 |
||
| 856 |
_uhttp://koha.tu.koszalin.pl/cgi-bin/koha/opac-detail.pl?biblionumber=19948 _yKatalog online BPK |
||